Регионална библиотека "Любен Каравелов" - Русе

Приказки от улица Брока (Запис номер 144112)

MARC детайли
000 -Лидер
Контролно поле с фиксирана дължина nam a22 a 4500
003 - Код на организацията, давaща контролен номер
Контролно поле BLK
005 - Дата и час на последна редакция
Контролно поле 20230125162909.0
008 - Елементи от данни с фиксирана дължина
fixed length control field 180410b bul|||||r ||||||| ||bul||
010 ## - Наследен системен номер
LC control number KNG00150261000
040 ## - Източник на каталожния запис
Идентификатор на билиотеката - собственик на записа BLK
041 ## - Код за език
Код за езика на текст/звукозапис или на отделно заглавие Български
Код за езика КДБФ Български
080 ## - УДК
Текстов определител УДК Френска литература
УДК код - определител по УДК 821.133.1
УДК определител -93-34
УДК - код + определител 821.133.1-93-34
100 1# - Редна дума - Автор
Автор Грипари, Пиер
Авторска отговорност първи автор
R(LIN) 56432
139 ## - Редно поле
Редна дума Грипари, Пиер
Авторски знак Грин - Г 84
245 10 - Сведения за заглавието
Заглавие Приказки от улица Брока
Подзаглавни данни Приказки
Редно поле (дума) Пиер Грипари; прев. от фр. Радост Владимирова; худож. Елиана Търновска.
257 ## - Страна на издаване
Страна на създаване/издаване Франция
260 ## - Област на издателските данни
Място на издаване, разпространение и проч. София
Име на издателя, разпространителя и проч. Отечество
Година на издаване 1989
Печатница В. Търново : Д. Найденов
300 ## - Физическа характеристика
Страници 96 с.
Илюстрации и др. с ил.
Размери/Мащаб 24 см
380 ## - Жанр
Жанр Детска худож. лит.
490 ## - СЕРИИ (Колекции)
Име на серия Библиотека Вълшебници
9 (RLIN) 202267
500 ## - Общи забележки
Забележка Ориг. загл. Contes de la Broca / Pierre Gripari. - Без тир.
653 ## - Ключова дума – ненормативна
Ключова дума детска литература
653 ## - Ключова дума – ненормативна
Ключова дума литература за деца
700 1# - Други автори (авторска отговорност)
Лично име Владимирова, Радост Атанасова
9 (RLIN) 283264
700 1# - Други автори (авторска отговорност)
Лично име Търновска, Елиана
Автороска отговорност (Описва отношението между автора и произведението) худож.
9 (RLIN) 379230
852 ## - Местоположение
Форматна сигнатура Цб 262557
856 4# - Електронен адрес и достъп
Електронен формат pdf - файл
Инструкция (цена за достъп) 0.51
Права за достъп disable
856 4# - Електронен адрес и достъп
Електронен формат pdf - файл
Инструкция (цена за достъп) 0.51
Права за достъп disable
999 ## - СИСТЕМНИ КОНТРОЛНИ НОМЕРА
Koha biblionumber 144112
Koha biblioitemnumber 144112
942 ## - АРТИКУЛИ
Вид на библиотечния материал Книги
Скрит в OPAC Не
Koha issues (borrowed), all copies 1
Периодичен библиозапис Да
944 ## - СЪЗДАВАНЕ И РЕДАКЦИЯ на ЗАПИСА
Създаване/Редакция Създаване
Дата на регистрацията/редакция 10.09.2013
Статус, дата на статуса 10.09.2013 - от С1,Р / 10.09.2013
Служител, извършил регистрацията/редакцията Ивелин_Чалов
944 ## - СЪЗДАВАНЕ И РЕДАКЦИЯ на ЗАПИСА
Създаване/Редакция Редакция
Дата на регистрацията/редакция 10.09.2013
Статус, дата на статуса 10.09.2013 - от С1,Р / 10.09.2013
999 ## - СИСТЕМНИ КОНТРОЛНИ НОМЕРА
Koha biblioitemnumber 144112
Наличности
Код за отписване Код за изгубен артикул Източник на класификационната схема Код за повреда Коз за рестрикции Код за отдаване Артикулен № Име на библиотеката - собственик Име на библиотеката, в която се намира в момента Статус (Текущо местоположение) Дата на вписване в системата Местоположение - отдел Цена в лева Инвентарен номер Систематично азбучна сигнатура Баркод Номер на екземпляра Цена в евро Служебна бележка Служебен тип на артикула Бележка за публиката
  Не е изгубен Universal Decimal Classification Не е повреден без рестрикции ползва се в читалня 239442 Регионална библиотека "Любен Каравелов" Русе Регионална библиотека "Любен Каравелов" Русе Хранилище 1989-01-01 Хранилище 0.51 519424 Цб 262557 120000519424 1 0.26 N: стар фонд Дата: 01.01.1989 Книги  
Изтеглен Не е изгубен Universal Decimal Classification Не е повреден без рестрикции заемане за дома 239443 Регионална библиотека "Любен Каравелов" Русе Регионална библиотека "Любен Каравелов" Русе Детски отдел 1989-01-01 Детски отдел 0.51 519855 ДХ 820/899/Г 84 120000519855 2 0.26 N: стар фонд Дата: 01.01.1989 Дата инв: 13.08.2015 Бележки инв: Д2015 Книги  
Изтеглен Не е изгубен Universal Decimal Classification Не е повреден без рестрикции заемане за дома 239444 Регионална библиотека "Любен Каравелов" Русе Регионална библиотека "Любен Каравелов" Русе Детски отдел 1989-01-01 Детски отдел 0.51 519856 ДХ 820/899/Г 84 519856 3 0.26 N: стар фонд Дата: 01.01.1989 Дата инв: 13.08.2015 Бележки инв: Д2015 Книги  
Изтеглен Не е изгубен Universal Decimal Classification Не е повреден без рестрикции заемане за дома 239445 Регионална библиотека "Любен Каравелов" Русе Регионална библиотека "Любен Каравелов" Русе Детски отдел 1989-01-01 Детски отдел 0.51 519857 ДХ 820/899/Г 84 519857 4 0.26 N: стар фонд Дата: 01.01.1989 Дата инв: 15.09.2015 Бележки инв: Д2015 Книги  
Изтеглен Не е изгубен   Не е повреден без рестрикции заемане за дома 239446 Регионална библиотека "Любен Каравелов" Русе Регионална библиотека "Любен Каравелов" Русе   1989-01-01 Детски отдел 0.51 519858 ДХ 820/899/Г 84 519858 5 0.26 N: стар фонд Дата: 01.01.1989 Дата инв: 15.09.2015 Бележки инв: Д2015 Книги Отч.N: 46/17 , Дата: 04.10.2017
Vip Innovations Ltd, Rousse, Bulgaria 2025